<?xml version="1.0" encoding="UTF-8"?>
<record
    xmlns:xsi="http://www.w3.org/2001/XMLSchema-instance"
    xsi:schemaLocation="http://www.loc.gov/MARC21/slim http://www.loc.gov/standards/marcxml/schema/MARC21slim.xsd"
    xmlns="http://www.loc.gov/MARC21/slim">

  <leader>00583nam a22001457a 4500</leader>
  <controlfield tag="008">150605b        xxu||||| |||| 00| 0 eng d</controlfield>
  <datafield tag="082" ind1=" " ind2=" ">
    <subfield code="a">750</subfield>
    <subfield code="b">C 761f</subfield>
  </datafield>
  <datafield tag="100" ind1=" " ind2=" ">
    <subfield code="a">Conte, Guillermo</subfield>
    <subfield code="9">2985</subfield>
  </datafield>
  <datafield tag="245" ind1=" " ind2=" ">
    <subfield code="a">Guillermo Conte : flores y futbol : </subfield>
    <subfield code="b">30 de agosto al 16 de setiembre 2001</subfield>
    <subfield code="c">Conte, Guillermo; Phillips, Alexandra</subfield>
  </datafield>
  <datafield tag="260" ind1=" " ind2=" ">
    <subfield code="a">Buenos Aires</subfield>
    <subfield code="b">Centro Cultural Recoleta</subfield>
    <subfield code="c">2001</subfield>
  </datafield>
  <datafield tag="300" ind1=" " ind2=" ">
    <subfield code="a">28 p.</subfield>
    <subfield code="b">ill. (col)</subfield>
    <subfield code="c">22.5x26 cm</subfield>
  </datafield>
  <datafield tag="600" ind1=" " ind2=" ">
    <subfield code="a">Conte, Guillermo</subfield>
    <subfield code="d">1956</subfield>
    <subfield code="x">Exhibiciones</subfield>
    <subfield code="9">2987</subfield>
  </datafield>
  <datafield tag="650" ind1=" " ind2=" ">
    <subfield code="x">Futbol en el arte</subfield>
    <subfield code="x">Arte moderno-Argentina</subfield>
    <subfield code="x">Pinturas</subfield>
    <subfield code="9">3019</subfield>
  </datafield>
  <datafield tag="700" ind1=" " ind2=" ">
    <subfield code="a"> Alexandra Phillips</subfield>
    <subfield code="9">3020</subfield>
  </datafield>
  <datafield tag="999" ind1=" " ind2=" ">
    <subfield code="c">672</subfield>
    <subfield code="d">672</subfield>
  </datafield>
  <datafield tag="952" ind1=" " ind2=" ">
    <subfield code="0">0</subfield>
    <subfield code="1">0</subfield>
    <subfield code="2">ddc</subfield>
    <subfield code="4">0</subfield>
    <subfield code="7">0</subfield>
    <subfield code="a">LV</subfield>
    <subfield code="b">LV</subfield>
    <subfield code="c">Monograf&#xED;as</subfield>
    <subfield code="d">2015-06-05</subfield>
    <subfield code="l">0</subfield>
    <subfield code="o">750 C 761f</subfield>
    <subfield code="p">000717</subfield>
    <subfield code="r">2015-06-05 00:00:00</subfield>
    <subfield code="w">2015-06-05</subfield>
    <subfield code="y">01</subfield>
  </datafield>
</record>
